Libertad de expresión en los países andinos

Guardado en:
Detalles Bibliográficos
Autor principal: Kaufmann, Margarita (Autor)
Formato: Libro
Lenguaje:español
Publicado: Lima Fundación Konrad Adenauer 1995
Colección:Medios de comunicación y Democracia
Materias:
Etiquetas: Agregar Etiqueta
Sin Etiquetas, Sea el primero en etiquetar este registro!

MARC

LEADER 00000nam a2200000 a 4500
001 UCT5155
003 CL-VaPUC
008 961129e19950000PE |||||||||||||||||spa|d
082 0 4 |a 323.44  |b KAU  |2 21 
100 |a Kaufmann, Margarita  |e author  |9 374459 
245 1 0 |a Libertad de expresión en los países andinos 
300 |a 195 p 
942 |c BK 
945 |d 19961129 00:00:00  |a nastorga 
260 |a Lima  |b Fundación Konrad Adenauer  |c 1995 
650 0 |a Libertad de expresión   |9 329993 
650 0 |a Libertad de prensa  |9 255610 
650 0 |a Periodismo   |9 310113 
650 0 |a Medios de comunicación  |9 257206 
650 0 |a Libertad de información  |9 257205 
651 0 |a Bolivia  |9 255454 
651 7 |a CHILE  |2 CL-VaPUC  |9 374460 
651 0 |a Perú  |9 256567 
651 0 |a Colombia  |9 256424 
651 0 |a Venezuela  |9 254993 
583 |a last modification  |c 19961129 00:00:00  |k Rodrigo Vera 
490 0 |a Medios de comunicación y Democracia 
999 |c 254165  |d 254163 
952 |0 0  |1 0  |4 0  |6 323_440000000000000_KAU_1995  |7 0  |8 A  |9 275630  |a BIBCUR  |b BIBCUR  |d 2019-11-19  |i 3256235  |o 323.44 KAU 1995  |p 3256235  |r 2025-04-22  |w 2019-11-19  |y BK  |k PER